000 00789nam a2200229Ii 4500
003 JO-AjNU
008 230605s9999||||xx |||||||||||||| ||und||
017 _a2000/7272
020 _a977-239-163-5
040 _aJO-AjNU
_bara
_erda
_cJO-AjNU
041 _aara
050 1 4 _aK3240 2000
100 3 _aإعداد نخبة من المتخصصين والخبراء ؛ تقديم مفيد شهاب,
_eauthor
_957871
245 0 0 _aدراسات في القانون الدولي الإنساني
250 _aط1
264 3 1 _aالقاهرة: دار الستقبل العربي، 2000
300 _a592ص
336 _atext
_btxt
_2rdacontent
337 _aunmediated
_bn
_2rdamedia
338 _avolume
_bnc
_2rdacarrier
650 4 _aحقوق الانسان - قانون دولي
_957872
999 _aA25959
_c29527
_d29527